000
00291nam a22001337a 4500
008
190225b xxu||||| |||| 00| 0 eng d
020
_a
0899461670
041
_a
eng
080
_a
338
100
_a
52
101
_a
MNG
245
_a
Doing Ethics in Business
_c
Jones, D.G
942
_2
udc
_c
BK
999
_c
54178
_d
54178